| 000 | 01114cpcaa2200301 4500 | ||
|---|---|---|---|
| 001 | mm 80003721 | ||
| 003 | DLC | ||
| 005 | 20260227111702.0 | ||
| 008 | 800304|||||||||||| eng | ||
| 010 | _amm 80003721 | ||
| 040 |
_aDLC _cDLC _edacs _dDLC |
||
| 072 | 7 |
_aN _2lcmd |
|
| 100 | 1 |
_aClark, William, _d1774-1851. |
|
| 245 | 0 | 0 |
_aWilliam Clark papers, _f1812-1856. |
| 300 |
_a50 _fitems. |
||
| 506 | 0 | _aOpen to research. | |
| 533 |
_aIn part, handwritten transcripts. _b[S.l.]. |
||
| 545 | 0 | _aU.S. representative of Pennsylvania, U.S. secretary of the treasury, army officer, jurist, and farmer. | |
| 546 | _aCollection material in English. | ||
| 580 | _aForms part of: Miscellaneous Manuscripts collection. | ||
| 656 | 7 |
_aArmy officers. _2itoamc |
|
| 656 | 7 |
_aCabinet officers. _2itoamc |
|
| 656 | 7 |
_aFarmers. _2itoamc |
|
| 656 | 7 |
_aJurists. _2itoamc |
|
| 656 | 7 |
_aRepresentatives, U.S. Congress _zPennsylvania. _2itoamc |
|
| 999 |
_c42703 _d42703 |
||